Capitales en Désordre (Anagrammes) - Statistiques

Statistiques générales
  • Ce quiz a été pris 86 fois
  • Le résultat moyen est 9 sur 10
Statistiques - réponses
Hint Réponse % Correct
NILREB Berlin
100%
RISAP Paris
100%
MORE Rome
100%
NODLRES Londres
97%
DIRDAM Madrid
97%
NERBE Berne
96%
NEIVNE Vienne
96%
SRAVOIVE Varsovie
89%
NOBLISNE Lisbonne
83%
NEHTAES Athènes
79%
Aucun quiz correspondant
Distribution des résultats
% des personnes avec chaque résultat
Percentile par nombre de réponses
Votre historique - résultats
Vous n’avez pas pris ce quiz